| 000 | 00438cam a22001217a 4500 | ||
|---|---|---|---|
| 008 | 180718b1978 xxu||||| |||| 00| 0 eng d | ||
| 082 | _aA81x54 In2/71/23/PT5A | ||
| 100 | _aCensus of India 1971 | ||
| 245 | _aAndaman and Nicobar Islands: special tables on scheduled tribes | ||
| 260 |
_aNew Delhi _bThe Conmtroller of Publications _c1978 |
||
| 300 | _a31+p. | ||
| 440 | _aCensus of India 1971. Series-23, Andaman and Nicobar Islands. Part V-A | ||
| 999 |
_c485617 _d485617 |
||